[Event "Liege Soultanbeieff op"]
[Site "Liege"]
[Date "2012.03.16"]
[Round "6"]
[White "Pirson, Andre"]
[Black "Gerard, Olivier"]
[Result "0-1"]
[WhiteElo "1206"]
[BlackElo "1159"]
[PlyCount "80"]
[EventDate "2012.01.27"]
[EventType "swiss"]
[EventRounds "9"]
[EventCountry "BEL"]
[SourceTitle "EXT 2013"]
[Source "ChessBase"]
[SourceDate "2012.11.22"]
[SourceVersion "1"]
[SourceVersionDate "2012.11.22"]
[SourceQuality "1"]

1. Nf3 d5 2. c3 Nf6 3. g3 Nc6 4. d3 e5 5. Bg2 Bf5 6. 0-0 e4 7. Nd4 Nxd4 8. Qa4+ Nc6 9. Nd2 exd3 10. exd3 Bxd3 11. Re1+ Be7 12. Re3 Bf5 13. Nf3 0-0 14. Bd2 Bc5 15. Rae1 Bxe3 16. Rxe3 Qd7 17. Nd4 Bh3 18. Bf3 Bg4 19. Bg2 Bh3 20. Bf3 Ng4 21. Nxc6 Nxe3 22. Bxe3 bxc6 23. c4 Be6 24. c5 Rab8 25. Qh4 Rxb2 26. Bd4 Rb1+ 27. Kg2 h6 28. g4 f5 29. g5 g6 30. Qxh6 Qh7 31. Qxh7+ Kxh7 32. Be5 Rf7 33. h4 Rb4 34. h5 Rh4 35. hxg6+ Kxg6 36. Bg3 Rh8 37. Be5 Rb8 38. Kg3 Rbf8 39. Kf4 Rh7 40. Bd6 cxd6 0-1